000 00463nam a22001697a 4500
005 20260511122253.0
008 260511b |||||||| |||| 00| 0 eng d
020 _a9789373071428
041 _aEng
082 _a658.110 MAL
100 _aMaloo, Pramod
245 _aThe Start up Founders Guide to Digital Marketing
260 _aHaryana
_b Harper Business
_c2025
300 _a301;. P. 22 cm
650 _aNew Business Enterprises; Leadership
942 _cBK
999 _c46524
_d46524